Manual Of Sebi : Act, Rules, Regulations, Guidelines, Circulars, Etc. (Record no. 702594)

MARC details
000 -LEADER
fixed length control field 00411nam a2200145Ia 4500
008 - FIXED-LENGTH DATA ELEMENTS--GENERAL INFORMATION
fixed length control field 230627s9999 xx 000 0 und d
020 ## - INTERNATIONAL STANDARD BOOK NUMBER
International Standard Book Number 81-7733-119-1
041 ## - LANGUAGE CODE
Language code of text/sound track or separate title eng
082 ## - DEWEY DECIMAL CLASSIFICATION NUMBER
Classification number 346.07
Item number PUL
100 ## - MAIN ENTRY--PERSONAL NAME
Personal name Puliani R
245 ## - TITLE STATEMENT
Title Manual Of Sebi : Act, Rules, Regulations, Guidelines, Circulars, Etc.
250 ## - EDITION STATEMENT
Edition statement 6ed.
260 ## - PUBLICATION, DISTRIBUTION, ETC.
Place of publication, distribution, etc. New Delhi
Name of publisher, distributor, etc. Bharat Law House Pvt. Ltd.
Date of publication, distribution, etc. 2003
700 ## - ADDED ENTRY--PERSONAL NAME
Personal name Puliani M.,
Holdings
Withdrawn status Lost status Damaged status Not for loan Collection Home library Current library Shelving location Date acquired Cost, normal purchase price Total Checkouts Full call number Barcode Date last seen Price effective from Koha item type
        NLP Social Welfare New Law College, Pune New Law College, Pune NLP-Rack No-134 30/03/2000 330.00   346.07 PUL NLP-NS0019 17/07/2023 17/07/2023 Book